| 000 | 00750cam a22002413a 4500 | ||
|---|---|---|---|
| 001 | 26909 | ||
| 003 | PGUSA | ||
| 005 | 20140828083559.0 | ||
| 008 | 081013s2008||||xxu|||||s|||||000 | eng d | ||
| 040 |
_aPGUSA _beng |
||
| 042 | _adc | ||
| 050 | 4 | _aBX | |
| 100 | 1 |
_aBente, F. _q(Friedrich), _d1858-1930 |
|
| 245 | 1 | 0 |
_aHistorical Introductions to the Symbolical Books of the Evangelical Lutheran Church _h[electronic resource] / _cF. Bente |
| 260 |
_bProject Gutenberg, _c2008 |
||
| 506 | _aPublic domain in the USA. | ||
| 516 | _aElectronic text | ||
| 653 | _aLutheran Church -- Catechisms | ||
| 653 | _aFormula Concordiae -- Catechisms | ||
| 830 | 0 |
_aProject Gutenberg _v26909 |
|
| 856 | 4 | 0 | _uhttp://www.gutenberg.org/ebooks/26909 |
| 942 | _cEB | ||
| 999 |
_c256164 _d256164 |
||